Statistics for 2024 Global Firepower

Click here to take the quiz!

General Stats

  • This quiz has been taken 21 times
  • The average score is 14 of 15

Answer Stats

Power IndexAnswer% Correct
0.0706China
100%
0.1878France
100%
0.1023India
100%
0.1863Italy
100%
0.1601Japan
100%
0.1443United Kingdom
100%
0.0699United States
100%
0.1944Brazil
94%
0.2283Egypt
94%
0.1711Pakistan
94%
0.0702Russia
94%
0.2269Iran
89%
0.1414South Korea
89%
0.1697Turkey
89%
0.2251Indonesia
83%

Score Distribution

Percentile by Number Answered

Percent of People with Each Score

Your Score History

You have not taken this quiz